| 000 | 01050cam a2200289 4500 | ||
|---|---|---|---|
| 001 | 5976 | ||
| 005 | 20181127180649.0 | ||
| 010 | _a 2014033774 | ||
| 020 | _a9781421508221 | ||
| 020 |
_a9781421513249 (v. 3 : pbk.) _c _z |
||
| 100 | 1 |
_aMatsuri, Hino. _e |
|
| 245 | 1 | 0 |
_aVampire knight / _b _cMatsuri Hino. |
| 264 | 1 |
_aSan Francisco, CA : _bVIZ Media LLC, _cc2004, 2005. |
|
| 300 |
_a263 pages : _billustrations (some color) ; _c20 cm |
||
| 336 |
_atext _2rdacontent |
||
| 337 |
_aunmediated _2rdamedia |
||
| 338 |
_avolume _2rdacarrier |
||
| 500 | _a""A Shojo Beat novel."" | ||
| 500 | _aFirst published in Japan in 2013 by Hakusensha under title: Vampire knight frail no yume. | ||
| 505 | 0 | _aDeranged love -- Gifts for Yuki -- Hidden love -- Queen of the Abyss -- A maiden's melancholy -- In a thousand years. | |
| 650 | 0 |
_aRomance fiction, Japanese, _vTranslations into English. |
|
| 650 | 0 |
_aVampires _vFiction. |
|
| 650 | 1 |
_aLove _vFiction. |
|
| 650 | 1 |
_aVampires _vFiction. |
|
| 700 | 1 |
_aHan, Su Mon, _etranslator. |
|
| 700 | 1 | _aHino, Matsuri. | |
| 999 |
_c5050 _d5050 |
||